00262nam a2200109Ia 4500008004100000100001300041245002500054260004300079300000800122942000700130999001500137190216s9999||||xx |||||||||||||| ||und|| aWeil J.H 0aGeneral Biochemistry bNew Age International Publishersc1996 a515 cBK c2798d2798